| 000 | 00436nam a2200193Ia 4500 | ||
|---|---|---|---|
| 008 | 170203s9999 xx 000 0 und d | ||
| 020 | _a0-689854498 | ||
| 050 | _aFic | ||
| 050 | _b.Al328b 2003 | ||
| 100 | _aAlbee, Sarah | ||
| 245 | _aBlue's Checkup / | ||
| 245 | _c Sarah Albee | ||
| 260 | _aU.S.A : | ||
| 260 | _bSimon & Schuster | ||
| 260 | _c2003 | ||
| 300 | _a24 pages : | ||
| 300 | _bcol. ill. ; | ||
| 300 | _c21 cm. | ||
| 999 |
_c305984 _d305984 |
||